[Event "POL-ChT2"]
[Site "Opole POL"]
[Date "2006.09.08"]
[Round "7"]
[White "Kulesza, Mateusz"]
[Black "Antoniewski, Rafal"]
[Result "0-1"]
[WhiteElo "2282"]
[BlackElo "2509"]
[EventDate "2006.09.02"]
[PlyCount "108"]

1.e4 Nf6 2.Nc3 d5 3.exd5 Nxd5 4.d4 Nxc3 5.bxc3 g6 6.Nf3 Bg7 7.Bc4 c5 8.Ne5
Bxe5 9.dxe5 Qxd1+ 10.Kxd1 Nc6 11.Bb5 Bd7 12.Bxc6 Bxc6 13.f3 Rd8+ 14.Ke2 
Ba4 15.Be3 b6 16.Rac1 Kd7 17.Rhd1+ Ke6 18.Bf4 Rxd1 19.Kxd1 g5 20.Bg3 h5 
21.h3 g4 22.hxg4 hxg4 23.Ke2 gxf3+ 24.gxf3 Kd5 25.Kd3 Bb5+ 26.Kd2 Kc4 27.
Rg1 Bc6 28.f4 e6 29.Be1 Be4 30.Kc1 Rh2 31.Bd2 Bg6 32.Re1 a5 33.Rg1 b5 34.
a3 a4 35.Rg3 Rh1+ 36.Kb2 Kd5 37.Re3 Rh2 38.Kc1 Rg2 39.Rh3 Ke4 40.Re3+ Kd5 
41.Rh3 Rg1+ 42.Kb2 Rd1 43.Bc1 Ke4 44.Rg3 c4 45.Rg2 Kf3 46.Rh2 Rf1 47.Rd2 
b4 48.axb4 a3+ 49.Kb1 a2+ 50.Kxa2 Rxc1 51.Kb2 Re1 52.b5 Be4 53.b6 Re2 54.
Rd4 Rxc2+ 0-1

[Event "POL-ChT2"]
[Site "Opole POL"]
[Date "2006.09.08"]
[Round "7"]
[White "Jadanowska, Beata"]
[Black "Chmiel, Dominika"]
[Result "0-1"]
[WhiteElo "1873"]
[BlackElo "2138"]
[EventDate "2006.09.02"]
[PlyCount "74"]

1.d4 Nf6 2.c4 c5 3.d5 g6 4.Nc3 Bg7 5.Bf4 d6 6.Nf3 Bf5 7.e3 Qb6 8.Qb3 Qxb3 
9.axb3 Ne4 10.Rc1 Nxc3 11.bxc3 a5 12.Kd2 O-O 13.Bd3 Bxd3 14.Kxd3 Nd7 15.e4
h6 16.Rhe1 g5 17.Bg3 Rfb8 18.e5 g4 19.exd6 gxf3 20.dxe7 Re8 21.gxf3 f6 22.
Bc7 Ne5+ 23.Kc2 Rxe7 24.Bd6 Rd7 25.Bxc5 Nxf3 26.Re7 Rxe7 27.Bxe7 Re8 28.d6
Ne5 29.Re1 Kf7 30.Rxe5 fxe5 31.d7 Kxe7 32.dxe8=Q+ Kxe8 33.b4 e4 34.Kd2 
axb4 35.cxb4 Bd4 36.Ke2 Kd7 37.f4 Ke6 0-1

[Event "POL-ChT2"]
[Site "Opole POL"]
[Date "2006.09.08"]
[Round "7"]
[White "Jadanowski, Lukasz"]
[Black "Jasik, Krzysztof"]
[Result "1-0"]
[WhiteElo "2072"]
[BlackElo "2336"]
[EventDate "2006.09.02"]
[PlyCount "83"]

1.e4 c5 2.Nf3 Nc6 3.d4 cxd4 4.Nxd4 e5 5.Nb5 d6 6.N1c3 a6 7.Na3 Nf6 8.Bg5 
Be6 9.Nc4 Rc8 10.Ne3 Be7 11.Bxf6 Bxf6 12.Ncd5 Bg5 13.c3 O-O 14.Be2 Kh8 15.
O-O g6 16.a4 f5 17.Bf3 Bxe3 18.Nxe3 f4 19.Nd5 Qh4 20.b4 h5 21.Qd2 Qg5 22.
b5 Nb8 23.Nb6 Rcd8 24.c4 Qh6 25.Rfd1 g5 26.Be2 g4 27.c5 h4 28.Bc4 g3 29.
fxg3 Bg4 30.Rf1 dxc5 31.Nd5 hxg3 32.hxg3 Rf7 33.Qb2 fxg3 34.Qxe5+ Rg7 35.
Qxg3 Nd7 36.Qc3 Be6 37.Ra2 axb5 38.axb5 Bxd5 39.Bxd5 Nf8 40.Ra7 Qg5 41.Rf2
b6 42.Rxf8+ 1-0

[Event "POL-ChT2"]
[Site "Opole POL"]
[Date "2006.09.08"]
[Round "7"]
[White "Zeberski, Jakub"]
[Black "Migala, Andrzej"]
[Result "1-0"]
[WhiteElo "2410"]
[BlackElo "2164"]
[EventDate "2006.09.02"]
[PlyCount "61"]

1.e4 c5 2.Nf3 d6 3.Bc4 e6 4.c3 Nf6 5.d3 Be7 6.O-O b6 7.Bb3 Bb7 8.Nbd2 Nbd7
9.Re1 O-O 10.Nf1 Rc8 11.Ng3 Rc7 12.a4 a6 13.h3 Qa8 14.Nh2 Kh8 15.f4 c4 16.
Bxc4 Rxc4 17.dxc4 Nxe4 18.Nxe4 Bxe4 19.Qe2 f5 20.Be3 Rf6 21.Nf3 Rg6 22.Kh2
e5 23.b4 a5 24.c5 dxc5 25.Rad1 Nf6 26.bxc5 exf4 27.Bxf4 Nd5 28.Qd2 Nxf4 
29.Qxf4 Bxc5 30.Qc7 Bd5 31.Rxd5 1-0

[Event "POL-ChT2"]
[Site "Opole POL"]
[Date "2006.09.08"]
[Round "7"]
[White "Lisowski, Krzysztof"]
[Black "Hnydiuk, Aleksander"]
[Result "1/2-1/2"]
[WhiteElo "2234"]
[BlackElo "2366"]
[EventDate "2006.09.02"]
[PlyCount "32"]

1.e4 c5 2.Nf3 Nc6 3.Bb5 d6 4.O-O Bd7 5.Re1 Nf6 6.c3 a6 7.Bxc6 Bxc6 8.d4 
Bxe4 9.Bg5 Bd5 10.Bxf6 gxf6 11.Nbd2 e6 12.c4 Bxf3 13.Qxf3 cxd4 14.Qxb7 Bg7
15.Qc6+ Ke7 16.Nb3 Qd7 1/2-1/2

[Event "POL-ChT2"]
[Site "Opole POL"]
[Date "2006.09.08"]
[Round "7"]
[White "Kovalev, Andrei"]
[Black "Mista, Aleksander"]
[Result "1/2-1/2"]
[WhiteElo "2526"]
[BlackElo "2493"]
[EventDate "2006.09.02"]
[PlyCount "117"]

1.e4 g6 2.d4 Bg7 3.Nf3 d6 4.Nc3 c6 5.Be3 Nf6 6.h3 O-O 7.a4 a5 8.Qd2 Na6 9.
g3 Nb4 10.Bg2 Ne8 11.O-O f5 12.Rad1 fxe4 13.Nxe4 d5 14.Nc5 b6 15.Nd3 Nxd3 
16.cxd3 Nc7 17.Rc1 Bb7 18.Rfe1 Ne6 19.Bh6 Qd6 20.Bxg7 Kxg7 21.Qe3 Rf6 22.
Ne5 h5 23.f4 c5 24.Nf3 Raf8 25.h4 Bc8 26.b3 Kg8 27.dxc5 Nxc5 28.Ng5 Re8 
29.d4 Na6 30.Qe5 Nb4 31.Rc7 Bf5 32.Rxe7 Rxe7 33.Qxe7 Qxe7 34.Rxe7 Rc6 35.
Re8+ Kg7 36.Re7+ Kf8 37.Rb7 Ke8 38.Bf1 Rc1 39.Kf2 Rc2+ 40.Ke3 Rc3+ 41.Kd2 
Rc2+ 42.Kd1 Bg4+ 43.Ke1 Rc1+ 44.Kf2 Rc2+ 45.Kg1 Rc1 46.f5 Bxf5 47.Kf2 Rc2+
48.Ke3 Rc3+ 49.Kf4 Bd3 50.Bh3 Ba6 51.Rg7 Nd3+ 52.Ke3 Nb4+ 53.Kf2 Rc2+ 54.
Kf3 Rc3+ 55.Kg2 Rc2+ 56.Kg1 Rc1+ 57.Kh2 Rc2+ 58.Kh1 Rc1+ 59.Kh2 1/2-1/2

[Event "POL-ChT2"]
[Site "Opole POL"]
[Date "2006.09.08"]
[Round "7"]
[White "Magnucka, Milena"]
[Black "Bednarska, Malgorzata"]
[Result "1/2-1/2"]
[WhiteElo "2066"]
[BlackElo "2194"]
[EventDate "2006.09.02"]
[PlyCount "71"]

1.e4 c5 2.Nf3 Nc6 3.d4 cxd4 4.Nxd4 g6 5.Nc3 Bg7 6.Be3 Nf6 7.Nb3 O-O 8.Be2 
d6 9.O-O Be6 10.Nd4 Bd7 11.Re1 Rc8 12.h3 Na5 13.Bf1 Nc4 14.Bc1 Qa5 15.Nb3 
Qc7 16.a4 b6 17.Nd2 Na5 18.Ba6 Rb8 19.Nf3 Bc6 20.Nd5 Qd7 21.c3 e6 22.Nxf6+
Bxf6 23.Bf4 Nb7 24.Nd4 Rbd8 25.Nxc6 Qxc6 26.Bb5 Qc7 27.Qf3 Bg7 28.Rad1 Nc5
29.Qe2 a6 30.Bxa6 Nxa4 31.Rd2 Nc5 32.Bb5 Nb3 33.Rd3 Nc5 34.Rd2 Nb3 35.Rd3 
Nc5 36.Rd2 1/2-1/2

[Event "POL-ChT2"]
[Site "Opole POL"]
[Date "2006.09.08"]
[Round "7"]
[White "Samborski, Henryk"]
[Black "Misiuga, Andrzej"]
[Result "1-0"]
[WhiteElo "2188"]
[BlackElo "2199"]
[EventDate "2006.09.02"]
[PlyCount "49"]

1.e4 d5 2.exd5 Qxd5 3.Nc3 Qd6 4.d4 Nf6 5.Nf3 Bg4 6.Be2 c6 7.Ne5 Bxe2 8.
Nxe2 Nbd7 9.Bf4 Nxe5 10.Bxe5 Qd5 11.O-O Nd7 12.Bg3 e6 13.Nc3 Qa5 14.Re1 
Bb4 15.d5 Nf8 16.Qg4 cxd5 17.Qxg7 Ng6 18.h4 Qc5 19.h5 Qf8 20.Qd4 Bxc3 21.
Qa4+ Kd8 22.bxc3 Ne7 23.c4 Qe8 24.Qb4 Kc8 25.Qc5+ 1-0

[Event "POL-ChT2"]
[Site "Opole POL"]
[Date "2006.09.08"]
[Round "7"]
[White "Bernard, Ryszard"]
[Black "Schmidt, Wlodzimierz"]
[Result "1/2-1/2"]
[WhiteElo "2356"]
[BlackElo "2437"]
[EventDate "2006.09.02"]
[PlyCount "26"]

1.e4 e6 2.d4 d5 3.Nd2 c5 4.exd5 exd5 5.Ngf3 Nc6 6.Bb5 Bd6 7.O-O Ne7 8.c4 
O-O 9.cxd5 Nxd4 10.Nxd4 cxd4 11.Ne4 Nxd5 12.Nxd6 Qxd6 13.Qxd4 Be6 1/2-1/2

[Event "POL-ChT2"]
[Site "Opole POL"]
[Date "2006.09.08"]
[Round "7"]
[White "Juroszek, Tadeusz"]
[Black "Koziak, Vitaly"]
[Result "1/2-1/2"]
[WhiteElo "2387"]
[BlackElo "2483"]
[EventDate "2006.09.02"]
[PlyCount "24"]

1.e4 e5 2.Nf3 Nc6 3.Bc4 Nf6 4.d3 h6 5.h3 Bc5 6.c3 O-O 7.Bb3 d6 8.Nbd2 Bb6 
9.Nc4 Na5 10.Nxb6 axb6 11.Bc2 Nc6 12.O-O Ne7 1/2-1/2

[Event "POL-ChT2"]
[Site "Opole POL"]
[Date "2006.09.08"]
[Round "7"]
[White "Murawski, Grzegorz"]
[Black "Dudzinski, Pawel"]
[Result "1/2-1/2"]
[WhiteElo "2311"]
[BlackElo "2203"]
[EventDate "2006.09.02"]
[PlyCount "62"]

1.e4 c6 2.d4 d5 3.Nc3 g6 4.Bf4 Bg7 5.Nf3 Nh6 6.Qd2 dxe4 7.Bxh6 Bxh6 8.Qxh6
exf3 9.Qg7 Rf8 10.O-O-O Be6 11.Qxh7 Qa5 12.Kb1 Nd7 13.gxf3 O-O-O 14.Qh4 
Nf6 15.Bh3 Bxh3 16.Qxh3+ Qf5 17.Qxf5+ gxf5 18.Ne2 Rh8 19.h4 Rh7 20.Rh2 Rg8
21.c4 Nh5 22.Kc2 f4 23.Kd3 f5 24.Re1 Rhg7 25.d5 Rg2 26.Rxg2 Rxg2 27.dxc6 
bxc6 28.Nd4 Rxf2 29.Re2 Rxe2 30.Kxe2 Ng3+ 31.Kd3 Kd7 {zapis nieczytelny} 
1/2-1/2

[Event "POL-ChT2"]
[Site "Opole POL"]
[Date "2006.09.08"]
[Round "7"]
[White "Dudzinski, Piotr"]
[Black "Brodowski, Piotr"]
[Result "1/2-1/2"]
[WhiteElo "2254"]
[BlackElo "2320"]
[EventDate "2006.09.02"]
[PlyCount "118"]

1.e4 c5 2.c3 Nf6 3.e5 Nd5 4.d4 cxd4 5.cxd4 Nc6 6.Nc3 Nb6 7.f4 d5 8.Nf3 Bg4
9.Be2 e6 10.O-O Rc8 11.Be3 Be7 12.h3 Bf5 13.g4 Bg6 14.Nd2 f5 15.g5 O-O 16.
Nb3 Nc4 17.Bxc4 dxc4 18.Nc5 Bxc5 19.dxc5 Nb4 20.Nb5 Nd5 21.Qd2 Nxe3 22.
Qxe3 Qd5 23.Rfd1 Qxc5 24.Qxc5 Rxc5 25.Nd6 h6 26.gxh6 gxh6 27.Rac1 b5 28.b4
Rd5 29.Rxd5 exd5 30.Nxb5 Rb8 31.Nc7 Rxb4 32.Nxd5 Ra4 33.Nc3 Ra6 34.Kf2 Bf7
35.Ke3 Kf8 36.Rb1 Rg6 37.Kf2 a6 38.a4 h5 39.a5 h4 40.Rg1 Rxg1 41.Kxg1 Ke7 
42.Kf2 Kd7 43.Ke3 Kc6 44.Kd4 Bg8 45.Nd1 Kb5 46.Ne3 Be6 47.Kc3 Kxa5 48.Nc2 
Kb6 49.Nd4 Bd5 50.Nxf5 Kc5 51.Nxh4 a5 52.Nf5 a4 53.Ne3 Bg8 54.f5 a3 55.e6 
a2 56.Kb2 Kd4 57.Nxc4 Kxc4 58.h4 Kc5 59.h5 Bxe6 1/2-1/2

[Event "POL-ChT2"]
[Site "Opole POL"]
[Date "2006.09.08"]
[Round "7"]
[White "Orzech, Dominik"]
[Black "Wlodarczyk, Oskar"]
[Result "1/2-1/2"]
[WhiteElo "2370"]
[BlackElo "2282"]
[EventDate "2006.09.02"]
[PlyCount "59"]

1.d4 Nf6 2.Nf3 e6 3.g3 b6 4.Bg2 Bb7 5.O-O c5 6.c4 cxd4 7.Qxd4 Nc6 8.Qf4 
Be7 9.Nc3 O-O 10.Rd1 a6 11.Ng5 Rc8 12.b3 Ne8 13.Nge4 f5 14.Ng5 Rf6 15.Nd5 
exd5 16.Bxd5+ Kh8 17.Qh4 h6 18.Bb2 Nd6 19.b4 Qf8 20.c5 bxc5 21.bxc5 Ne8 
22.Rab1 Ba8 23.Qh5 Nd8 24.Bb3 Bc6 25.Rbc1 Ne6 26.h4 Nxc5 27.Nf7+ Rxf7 28.
Bxf7 Nf6 29.Qg6 Nce4 30.Bc4 {zapis nieczytelny} 1/2-1/2

[Event "POL-ChT2"]
[Site "Opole POL"]
[Date "2006.09.08"]
[Round "7"]
[White "Markowski, Tomasz"]
[Black "Staniszewski, Piotr"]
[Result "1/2-1/2"]
[WhiteElo "2547"]
[BlackElo "2424"]
[EventDate "2006.09.02"]
[PlyCount "87"]

1.g3 d5 2.Nf3 Nf6 3.Bg2 e6 4.O-O Be7 5.c4 O-O 6.d4 dxc4 7.Ne5 Nc6 8.Bxc6 
bxc6 9.Nxc6 Qe8 10.Nxe7+ Qxe7 11.Qa4 c5 12.Qc6 Bb7 13.Qxc5 Qxc5 14.dxc5 
Rfc8 15.f3 Nd5 16.Bd2 f5 17.Nc3 Rxc5 18.Rfc1 Rd8 19.Na4 Rc6 20.Kf2 Kf7 21.
Rc2 e5 22.Re1 f4 23.Rcc1 g5 24.Nc3 Nf6 25.Rcd1 Rcd6 26.Bc1 Rxd1 27.Rxd1 
Rxd1 28.Nxd1 Nd5 29.Bd2 Ke6 30.e4 Nc7 31.Bb4 Nb5 32.g4 Bc6 33.Bc5 a6 34.
Bb6 Kd7 35.Ba5 Ke7 36.a4 Nd4 37.Bc7 Bxa4 38.Nc3 Nb5 39.Bxe5 Nxc3 40.Bxc3 
Bd1 41.h4 gxh4 42.Bd2 h3 43.Bxf4 a5 44.Bd2 1/2-1/2

[Event "POL-ChT2"]
[Site "Opole POL"]
[Date "2006.09.08"]
[Round "7"]
[White "Wisniewski, Adrian"]
[Black "Skalski, Michal"]
[Result "1/2-1/2"]
[WhiteElo "2369"]
[BlackElo "2343"]
[EventDate "2006.09.02"]
[PlyCount "23"]

1.e4 g6 2.d4 Bg7 3.Nc3 c5 4.d5 d6 5.h3 Nf6 6.Nf3 O-O 7.Bd3 Na6 8.O-O Nc7 
9.Re1 a6 10.a4 e6 11.dxe6 Bxe6 12.Be3 1/2-1/2

[Event "POL-ChT2"]
[Site "Opole POL"]
[Date "2006.09.08"]
[Round "7"]
[White "Toczek, Grzegorz"]
[Black "Tworuszka, Michal"]
[Result "1/2-1/2"]
[WhiteElo "2339"]
[BlackElo "2305"]
[EventDate "2006.09.02"]
[PlyCount "70"]

1.e4 a6 2.d4 c5 3.d5 d6 4.a4 Nf6 5.Nc3 g6 6.h3 Bg7 7.Nf3 O-O 8.Bd3 e5 9.
Nd2 Nh5 10.Nc4 Nf4 11.Bf1 b6 12.g3 Nh5 13.Be2 Nf6 14.f4 Ne8 15.fxe5 dxe5 
16.a5 b5 17.Nb6 Ra7 18.Be3 Rc7 19.Bxb5 axb5 20.Nxb5 Ba6 21.Nxc7 Qxc7 22.d6
Nxd6 23.Qd5 Nb7 24.O-O-O Bb5 25.Qb3 Qc6 26.Nd5 Kh8 27.Nc3 Ba6 28.Qa3 Bc4 
29.b3 Be6 30.Qa4 Qa6 31.Qb5 Qxa5 32.Qxa5 Nxa5 33.Bxc5 Rc8 34.Kb2 Nbc6 35.
Nb5 Rb8 1/2-1/2

[Event "POL-ChT2"]
[Site "Opole POL"]
[Date "2006.09.09"]
[Round "8"]
[White "Chmiel, Dominika"]
[Black "Bednarska, Malgorzata"]
[Result "1/2-1/2"]
[WhiteElo "2138"]
[BlackElo "2194"]
[EventDate "2006.09.02"]
[PlyCount "120"]

1.e4 g6 2.d4 c6 3.Be3 d5 4.e5 Bg7 5.Qd2 c5 6.c3 Nc6 7.Bb5 Bd7 8.Nf3 cxd4 
9.cxd4 Nxe5 10.dxe5 Bxb5 11.Nc3 Bc6 12.b4 a6 13.a4 e6 14.O-O Bd7 15.Bc5 
Ne7 16.Qg5 Nf5 17.Qxd8+ Rxd8 18.g4 Ne7 19.Rfc1 Nc6 20.Bd6 f6 21.exf6 Bxf6 
22.Ra2 Rc8 23.Re2 Nd4 24.Nxd4 Bxd4 25.Rec2 Kf7 26.Ne2 Rxc2 27.Rxc2 Bb6 28.
a5 Bd8 29.Be5 Re8 30.Nd4 g5 31.Rc3 Kg6 32.Nb3 Bc6 33.Nc5 Bf6 34.Bxf6 Kxf6 
35.Nxa6 d4 36.Rc1 e5 37.Nc5 e4 38.Kf1 Ke5 39.Ke1 Kf4 40.Rc4 Ke5 41.Nb3 Rd8
42.Ke2 Rd6 43.Rc5+ Kf4 44.h3 e3 45.Ke1 Be4 46.Rc4 d3 47.fxe3+ Kxe3 48.Nd2 
Bg2 49.Rc7 Re6 50.Rxh7 Kd4+ 51.Kd1 Bc6 52.b5 Bxb5 53.Rxb7 Ba4+ 54.Kc1 Re1+
55.Kb2 Re2 56.Kc1 Re1+ 57.Kb2 Re2 58.Kc1 Ke3 59.Re7+ Kf2 60.Rf7+ Ke3 
1/2-1/2

[Event "POL-ChT2"]
[Site "Opole POL"]
[Date "2006.09.09"]
[Round "8"]
[White "Jasik, Krzysztof"]
[Black "Brodowski, Piotr"]
[Result "1-0"]
[WhiteElo "2336"]
[BlackElo "2320"]
[EventDate "2006.09.02"]
[PlyCount "54"]

1.e4 c5 2.Nf3 Nc6 3.Bb5 g6 4.O-O Bg7 5.c3 e5 6.Na3 d6 7.d4 cxd4 8.cxd4 
exd4 9.Nxd4 Bd7 10.Nxc6 Bxc6 11.Bxc6+ bxc6 12.Nc4 d5 13.exd5 cxd5 14.Re1+ 
Ne7 15.Qa4+ Kf8 16.Bg5 f6 17.Bd2 Rc8 18.Na5 Kg8 19.Bb4 Nf5 20.Nc6 Qb6 21.
Nxa7 Rd8 22.Nc6 Rc8 23.Nd4 Bf8 24.Nxf5 Qxb4 25.Qd7 gxf5 26.Qxc8 Kg7 27.
Qd7+ Kg6 1-0

[Event "POL-ChT2"]
[Site "Opole POL"]
[Date "2006.09.09"]
[Round "8"]
[White "Orzech, Dominik"]
[Black "Zeberski, Jakub"]
[Result "1/2-1/2"]
[WhiteElo "2370"]
[BlackElo "2410"]
[EventDate "2006.09.02"]
[PlyCount "37"]

1.d4 d5 2.Nf3 Nf6 3.c4 e6 4.Nc3 Be7 5.Bg5 O-O 6.cxd5 exd5 7.Qc2 c6 8.e3 
Nbd7 9.Bd3 Re8 10.h3 Nf8 11.O-O g6 12.Rab1 Ne6 13.Bh4 Ng7 14.b4 a6 15.a4 
Bd6 16.e4 dxe4 17.Nxe4 Be7 18.Nc5 Nf5 19.Bc4 1/2-1/2

[Event "POL-ChT2"]
[Site "Opole POL"]
[Date "2006.09.09"]
[Round "8"]
[White "Hnydiuk, Aleksander"]
[Black "Zezulkin, Jurij"]
[Result "1/2-1/2"]
[WhiteElo "2366"]
[BlackElo "2455"]
[EventDate "2006.09.02"]
[PlyCount "22"]

1.Nf3 Nf6 2.c4 g6 3.Nc3 d5 4.cxd5 Nxd5 5.Qa4+ Bd7 6.Qh4 Nxc3 7.dxc3 Nc6 8.
e4 e5 9.Bg5 Be7 10.Bc4 h6 11.Bxe7 Qxe7 1/2-1/2

[Event "POL-ChT2"]
[Site "Opole POL"]
[Date "2006.09.09"]
[Round "8"]
[White "Szydlowska, Marta"]
[Black "Jadanowska, Beata"]
[Result "1/2-1/2"]
[WhiteElo "2048"]
[BlackElo "1873"]
[EventDate "2006.09.02"]
[PlyCount "101"]

1.d4 d5 2.c4 c6 3.Nc3 Nf6 4.Nf3 Bf5 5.Bf4 e6 6.e3 Bd6 7.Ne5 O-O 8.Be2 h6 
9.Qb3 b6 10.O-O Ne4 11.Nxe4 Bxe4 12.f3 Bh7 13.Bg3 f6 14.Nd3 Bxg3 15.hxg3 
Kh8 16.Nf4 Qe8 17.cxd5 cxd5 18.Rac1 g5 19.Nd3 Nc6 20.Nf2 Na5 21.Qb4 Qd7 
22.Bb5 Qf7 23.Rc3 Rac8 24.Rfc1 Rxc3 25.Rxc3 Rd8 26.Qa4 e5 27.Nd3 Nc4 28.
Qb3 Nxe3 29.dxe5 Nf5 30.Qd1 fxe5 31.Nxe5 Qe6 32.Ng4 d4 33.Rc6 Rd6 34.Bc4 
Qe7 35.Rc8+ Kg7 36.Bb5 Rd8 37.Rxd8 Qxd8 38.Qe1 Qe7 39.Ne5 Ne3 40.f4 Be4 
41.Bf1 Qc5 42.Qd2 Nxf1 43.Kxf1 d3 44.Nxd3 Bxd3+ 45.Qxd3 Qc1+ 46.Kf2 Qxb2+ 
47.Kf3 Qxa2 48.Qd4+ Kg6 49.Qd6+ Kg7 50.Qe5+ Kf7 51.Qf5+ 1/2-1/2

[Event "POL-ChT2"]
[Site "Opole POL"]
[Date "2006.09.09"]
[Round "8"]
[White "Jozwik, Rafal"]
[Black "Smagacz, Dariusz"]
[Result "0-1"]
[WhiteElo "2168"]
[BlackElo "2227"]
[EventDate "2006.09.02"]
[PlyCount "84"]

1.e4 c5 2.c3 Nf6 3.e5 Nd5 4.d4 cxd4 5.Nf3 e6 6.cxd4 d6 7.Nc3 Nxc3 8.bxc3 
Qc7 9.Bd2 Nd7 10.exd6 Bxd6 11.g3 b6 12.Bg2 Bb7 13.O-O O-O 14.Re1 Rac8 15.
Rc1 Nf6 16.Ne5 Bxg2 17.Kxg2 Bxe5 18.Rxe5 Qc6+ 19.f3 Qc4 20.Qb3 Nd5 21.Qxc4
Rxc4 22.f4 Ne7 23.g4 g6 24.h4 Rfc8 25.h5 Nc6 26.Ree1 gxh5 27.gxh5 Ne7 28.
Re5 Ra4 29.Ra1 Nf5 30.Kf3 Nd6 31.d5 Nc4 32.Rg5+ Kf8 33.Bc1 h6 34.Rg2 exd5 
35.f5 Ne5+ 36.Ke2 Re4+ 37.Kd2 Ke7 38.Rg7 Nf3+ 39.Kd3 Ne5+ 40.Kd2 Rh4 41.
Rh7 Rh2+ 42.Ke3 Rc4 0-1

[Event "POL-ChT2"]
[Site "Opole POL"]
[Date "2006.09.09"]
[Round "8"]
[White "Tworuszka, Michal"]
[Black "Jadanowski, Lukasz"]
[Result "1/2-1/2"]
[WhiteElo "2305"]
[BlackElo "2072"]
[EventDate "2006.09.02"]
[PlyCount "87"]

1.c4 Nf6 2.Nc3 g6 3.g3 Bg7 4.Bg2 O-O 5.d4 d6 6.Nf3 Nbd7 7.O-O e5 8.h3 Re8 
9.e4 c6 10.Re1 a5 11.Be3 exd4 12.Nxd4 Nc5 13.Qc2 Qc7 14.Rad1 Bd7 15.f4 
Rad8 16.Bf2 Bc8 17.g4 Nfd7 18.Bh4 Bf6 19.Qf2 Qb6 20.Bxf6 Nxf6 21.Nb3 Qb4 
22.Nxc5 dxc5 23.Rxd8 Rxd8 24.Qh4 Qxb2 25.Qxf6 Rd3 26.Nd5 Qd2 27.Qd8+ Kg7 
28.Qf6+ Kg8 29.Ne7+ Kf8 30.Qh4 Be6 31.Bf1 Ra3 32.f5 Rxa2 33.Qg3 Kxe7 34.
fxe6 Kxe6 35.Kh1 Rc2 36.g5 Rc1 37.Rxc1 Qxc1 38.Qf3 Qxg5 39.Qb3 Qf4 40.Bg2 
Qc1+ 41.Kh2 Qf4+ 42.Kg1 Qf6 43.Qd1 h5 44.Qb3 1/2-1/2

[Event "POL-ChT2"]
[Site "Opole POL"]
[Date "2006.09.09"]
[Round "8"]
[White "Dawidow, Jacek"]
[Black "Lisowski, Krzysztof"]
[Result "1/2-1/2"]
[WhiteElo "2337"]
[BlackElo "2234"]
[EventDate "2006.09.02"]
[PlyCount "29"]

1.Nf3 d5 2.g3 Nf6 3.Bg2 Bg4 4.O-O c6 5.d3 Nbd7 6.c4 e6 7.Nc3 Be7 8.cxd5 
cxd5 9.h3 Bxf3 10.Bxf3 O-O 11.d4 Qb6 12.a4 Qa5 13.Qb3 Nb6 14.Bf4 Rfe8 15.
Qb5 1/2-1/2

[Event "POL-ChT2"]
[Site "Opole POL"]
[Date "2006.09.09"]
[Round "8"]
[White "Mista, Aleksander"]
[Black "Juroszek, Tadeusz"]
[Result "1/2-1/2"]
[WhiteElo "2493"]
[BlackElo "2387"]
[EventDate "2006.09.02"]
[PlyCount "67"]

1.Nf3 d5 2.d4 c5 3.dxc5 e6 4.e3 Bxc5 5.c4 Nf6 6.a3 a5 7.Nc3 O-O 8.Be2 Nc6 
9.O-O b6 10.cxd5 exd5 11.Qa4 Ne7 12.Rd1 Be6 13.Nd4 Qb8 14.Bf3 Rd8 15.Nce2 
Bd7 16.Qc2 Qe5 17.Nf4 Rac8 18.Qe2 Bd6 19.g3 Ne4 20.Bd2 f5 21.h4 Qf6 22.Be1
Be5 23.Rab1 Kh8 24.Bg2 Bxf4 25.exf4 Rc4 26.Qe3 Rc7 27.b4 Ba4 28.Rdc1 Rc4 
29.Ne2 Bc2 30.Bxe4 Rxe4 31.Rxc2 Rxe3 32.fxe3 Qe6 33.Kf2 Ng8 34.Nd4 1/2-1/2

[Event "POL-ChT2"]
[Site "Opole POL"]
[Date "2006.09.09"]
[Round "8"]
[White "Sikorska, Agata"]
[Black "Zielinska, Marta"]
[Result "1-0"]
[WhiteElo "2101"]
[BlackElo "2353"]
[EventDate "2006.09.02"]
[PlyCount "67"]

1.e4 g6 2.d4 Bg7 3.Nc3 d6 4.f4 c6 5.Nf3 Qb6 6.h3 a5 7.Rb1 Nf6 8.Bd3 Na6 9.
e5 Nd5 10.Nxd5 cxd5 11.c3 Bd7 12.Qe2 Nc7 13.O-O O-O 14.Ng5 dxe5 15.fxe5 a4
16.a3 Bb5 17.Be3 Ra5 18.Rf2 h6 19.Nf3 Bxd3 20.Qxd3 Rb5 21.Qd2 Kh7 22.h4 
Rb3 23.Rbf1 Qe6 24.h5 g5 25.Bxg5 Rb6 26.Bh4 Kg8 27.Nh2 Na8 28.Qf4 Qd7 29.
Qg3 Nc7 30.Bf6 Ne8 31.Ng4 Kh8 32.Bxg7+ Nxg7 33.Rxf7 Rg8 34.Nf6 1-0

[Event "POL-ChT2"]
[Site "Opole POL"]
[Date "2006.09.09"]
[Round "8"]
[White "Misiuga, Andrzej"]
[Black "Plonczak, Dominik"]
[Result "0-1"]
[WhiteElo "2199"]
[BlackElo "2096"]
[EventDate "2006.09.02"]
[PlyCount "66"]

1.Nf3 Nf6 2.g3 g6 3.Bg2 Bg7 4.O-O O-O 5.c4 d6 6.Nc3 e5 7.h3 Nc6 8.d4 Nd7 
9.d5 Ne7 10.e4 h6 11.Ne1 f5 12.Nd3 b6 13.f4 fxe4 14.Nxe4 exf4 15.Nxf4 Ne5 
16.Qc2 Nf5 17.Kh2 Qe8 18.Bd2 Nd4 19.Qc1 g5 20.Bc3 Ndf3+ 21.Kh1 gxf4 22.
gxf4 Qh5 23.Bxe5 Bxh3 24.Ng3 Bxg2+ 25.Kxg2 Nh4+ 26.Kg1 Qg4 27.Kh2 dxe5 28.
Qd1 Qxd1 29.Raxd1 exf4 30.Nh5 Be5 31.Kh3 Nf5 32.Rg1+ Ng3 33.Rde1 Rf5 0-1

[Event "POL-ChT2"]
[Site "Opole POL"]
[Date "2006.09.09"]
[Round "8"]
[White "Bernard, Ryszard"]
[Black "Pazdziora, Michal"]
[Result "1/2-1/2"]
[WhiteElo "2356"]
[BlackElo "2151"]
[EventDate "2006.09.02"]
[PlyCount "92"]

1.e4 c5 2.Nf3 e6 3.d4 cxd4 4.Nxd4 a6 5.Bd3 Nf6 6.O-O d6 7.c4 Qc7 8.b3 b6 
9.Bb2 Bb7 10.Qe2 Be7 11.Nd2 O-O 12.f4 Nfd7 13.N2f3 Bf6 14.Rae1 e5 15.fxe5 
dxe5 16.Nf5 Nc5 17.Ne3 Nbd7 18.Ng4 Rfe8 19.Bc2 a5 20.a3 Rac8 21.Qf2 h5 22.
Nxf6+ Nxf6 23.Ng5 Ne6 24.Qf5 b5 25.Kh1 Qc5 26.Nxe6 Rxe6 27.Bd3 Rd8 28.Qf3 
bxc4 29.Bxc4 Re7 30.a4 Rd6 31.Bc1 Red7 32.Bg5 Qd4 33.Bxf6 Rxf6 34.Qxh5 g6 
35.Qg4 Rxf1+ 36.Rxf1 Bxe4 37.h3 Bf5 38.Qxd4 exd4 39.Rd1 Be6 40.Rd3 Bxc4 
41.bxc4 Kf8 42.Kg1 Ke7 43.Kf2 Ke6 44.Ke2 Rb7 45.Rxd4 Rb4 46.Kd3 Rxa4 
1/2-1/2

[Event "POL-ChT2"]
[Site "Opole POL"]
[Date "2006.09.09"]
[Round "8"]
[White "Markiewicz, Jerzy"]
[Black "Wieclaw, Michal"]
[Result "1-0"]
[WhiteElo "2314"]
[BlackElo "2229"]
[EventDate "2006.09.02"]
[PlyCount "107"]

1.d4 Nf6 2.Nf3 c5 3.e3 e6 4.c4 b6 5.Nc3 Be7 6.d5 d6 7.e4 e5 8.h3 O-O 9.Bd3
g6 10.Bh6 Re8 11.g4 Na6 12.Nh2 Nc7 13.Nf1 Kh8 14.Be3 a6 15.a4 Rb8 16.Ng3 
b5 17.b3 bxc4 18.bxc4 a5 19.Nb5 Na6 20.g5 Nd7 21.h4 Nb4 22.Kd2 Ba6 23.Qf3 
Kg8 24.Be2 Bxb5 25.axb5 Ra8 26.Ra3 a4 27.Kc1 Bf8 28.h5 Bg7 29.Qf4 Ra7 30.
Qh4 Nf8 31.Nf1 f5 32.gxf6 Bxf6 33.Qg3 g5 34.Bg4 h6 35.Bd2 Nd7 36.Bxd7 Qxd7
37.Ne3 Bg7 38.Qh3 Qd8 39.Rg1 Rf8 40.Nf5 Kh8 41.Bc3 Rxf5 42.Qxf5 Qe8 43.Bd2
Rf7 44.Qg4 Rxf2 45.Rxa4 Qf8 46.b6 Rxd2 47.Qf5 Rc2+ 48.Kb1 Qb8 49.Rg3 Ra2 
50.Rxa2 Nxa2 51.Kxa2 Qxb6 52.Qc8+ Kh7 53.Ra3 Qb4 54.Qf5+ 1-0

[Event "POL-ChT2"]
[Site "Opole POL"]
[Date "2006.09.09"]
[Round "8"]
[White "Kaszowski, Dariusz"]
[Black "Kalinin, Oleg"]
[Result "0-1"]
[WhiteElo "2299"]
[BlackElo "2354"]
[EventDate "2006.09.02"]
[PlyCount "103"]

1.d4 c5 2.d5 g6 3.e4 d6 4.c4 Bg7 5.Nc3 Nf6 6.f3 O-O 7.Bg5 h6 8.Bf4 a6 9.
Qd2 h5 10.a4 Re8 11.Nge2 Nbd7 12.Nc1 Ne5 13.Be2 e6 14.O-O exd5 15.cxd5 Qc7
16.N1a2 c4 17.Rab1 Nfd7 18.b4 cxb3 19.Rxb3 Nc5 20.Rb4 Kh7 21.Be3 f5 22.f4 
Nf7 23.exf5 Bxf5 24.Bd4 Re7 25.Bxg7 Kxg7 26.h3 Nh6 27.Nc1 Rae8 28.Bf3 h4 
29.Qd4+ Kf7 30.Kh2 Re3 31.Nd1 Ra3 32.Nf2 Qd7 33.Bd1 Rae3 34.Nb3 Qe7 35.Nd2
Nd3 36.Rb3 Nxf2 37.Rxf2 Rxb3 38.Bxb3 Qe3 39.Qxe3 Rxe3 40.Rf3 Re1 41.Nc4 
Ke7 42.Re3+ Rxe3 43.Nxe3 b5 44.a5 Nf7 45.Bc2 Bxc2 46.Nxc2 Nd8 47.g4 hxg3+ 
48.Kxg3 Nb7 49.Nb4 Nxa5 50.f5 gxf5 51.Kf4 Kf6 52.Nxa6 0-1

[Event "POL-ChT2"]
[Site "Opole POL"]
[Date "2006.09.09"]
[Round "8"]
[White "Migala, Andrzej"]
[Black "Wisniewski, Adrian"]
[Result "0-1"]
[WhiteElo "2164"]
[BlackElo "2369"]
[EventDate "2006.09.02"]
[PlyCount "66"]

1.e4 e6 2.d4 d5 3.exd5 exd5 4.Nf3 Bd6 5.Bd3 Nc6 6.O-O Bg4 7.c3 Nge7 8.Bg5 
f6 9.Bh4 Qd7 10.Nbd2 g5 11.Bg3 O-O-O 12.b4 Ng6 13.Nb3 Nce7 14.a4 h5 15.a5 
h4 16.Bxd6 cxd6 17.c4 dxc4 18.Bxc4 Kb8 19.Nbd2 Nf4 20.Qb3 d5 21.Bd3 Rdg8 
22.Rfe1 Bxf3 23.Nxf3 Qg4 24.Bf1 Nh3+ 25.Kh1 Nxf2+ 26.Kg1 Ne4 27.a6 b6 28.
b5 Qd7 29.Rec1 Nf5 30.Qd3 h3 31.g3 g4 32.Nd2 Nfxg3 33.Nb3 Nf5 0-1